| 000 | 00559nam a2200181 4500 | ||
|---|---|---|---|
| 999 |
_c4438 _d4438 |
||
| 001 | 5290 | ||
| 005 | 20190813100352.0 | ||
| 008 | 190813b ||||| |||| 00| 0 eng d | ||
| 020 | 0 | 0 | _a9789993622987 |
| 090 | 0 | 0 | _a241.51 T8823u 2009 |
| 100 | 0 | 0 | _aNorbu, Ngawang. |
| 245 | 0 | 0 |
_aདབུ་མ་རྒྱན་གྱི་རྩ་བ་དང་འགྲེལ་པ། _cNgawang Norbu. |
| 250 | 0 | 0 | _a1st ed. |
| 260 | 0 | 0 |
_aPhuentsholing : _bKMT Publication, _c2009. |
| 300 | 0 | 0 | _a105 p. ; 25 cm. |
| 650 | 0 | 0 | _aBuddhism --Doctrines. |
| 942 |
_2ddc _cDZONGKHA |
||